00295cam a2200097 a 4500082002300000245002400023260007900047300002600126526003700152650000800189 a338.122095491bPAK10aPakistan Motorway / aIslamabad :bNational Highway Authority Ministry of Communications c1997. a21 p. :bill,c22 cm. a0b0c0d338_122095491000000_PAK aMCE